アジアの国々 - Statistics

General Stats
  • This quiz has been taken 2,424 times
  • The average score is 38 of 48
Answers on the Map
Answers color-coded by a green-red scale on the quiz's map according to % correct below.
 
Answer Stats
% Correct
中国
99%
インド
98%
日本
98%
韓国
98%
北朝鮮
97%
インドネシア
96%
モンゴル
96%
タイ
95%
フィリピン
93%
台湾
93%
ベトナム
92%
サウジアラビア
91%
イラン
90%
マレーシア
89%
トルコ
89%
イラク
88%
カザフスタン
86%
ミャンマー
84%
パキスタン
84%
カンボジア
83%
ラオス
83%
ネパール
83%
アラブ首長国連邦
82%
アフガニスタン
80%
スリランカ
80%
イスラエル
79%
トルクメニスタン
79%
バングラデシュ
78%
オマーン
74%
ブータン
72%
シンガポール
72%
ウズベキスタン
72%
シリア
71%
カタール
70%
東ティモール
68%
タジキスタン
68%
イエメン
67%
キルギス
65%
ジョージア
62%
クウェート
62%
アゼルバイジャン
61%
ヨルダン
61%
ブルネイ
60%
レバノン
59%
キプロス
58%
アルメニア
53%
バーレーン
52%
モルディブ
46%
No matching quizzes found
Score Distribution
Percent of People with Each Score
Percentile by Number Answered
Your Score History
You have not taken this quiz